| 000 | 01633nam a2200313Ia 4500 | ||
|---|---|---|---|
| 003 | OSt | ||
| 005 | 20200929114948.0 | ||
| 008 | 191128s2012 ck a gr 000 0 spa d | ||
| 020 | _a9789581414062 | ||
| 040 |
_aCO-JMCR _cCO-JMCR |
||
| 041 | 0 | _aspa | |
| 082 | 0 | 4 |
_a612.6 / _bH313n _223 |
| 100 | 1 |
_aHarris, Robie H., _eautor _910953 |
|
| 245 | 1 | 0 |
_a¡No es la cigüeña! : _bun libro que habla sobre niñas, niños, bebés, cuerpos, familias y amigos / _cRobie H. Harris; ilustraciones Michael Emberley |
| 260 |
_aBogotá : _bPlaza y Janes, _c2012. |
||
| 300 |
_a59 páginas : _b ilustraciones a color ; _c29 cm. |
||
| 490 | 0 | _aPrimera Infancia del Ministerio de Cultura. | |
| 500 | _aPlan Nacional de Lectura y Escritura Leer es mi Cuento. 2012. | ||
| 505 | 0 | _aEl pájaro y la abeja van al zoo -- ¡Miiiiiles de preguntas! -- Las niñas hacen esto, los niños eso -- ¿Iguales? ¿Diferentes? -- De pies a cabeza -- De la cabeza a los pies -- Lo que tienen los niños -- Lo que tienen las niñas | |
| 520 | 0 | _aLos niños pequeños preguntaban muchas cosas sobre su cuerpo. Quieren saber qué diferencia a las chicas de los chicos y cómo se hacen. Son muy curiosos. Con un estilo ameno, claro, divertido y científicamente preciso, los autores responden estás preguntas. | |
| 521 |
_aRecomendado para mayores de 2 años. _bTapa posterior. |
||
| 546 | _aspa | ||
| 650 | 2 | 4 |
_aEducación sexual para niños _910954 |
| 650 | 2 | 4 |
_a Educación para la vida familiar _910955 |
| 650 | 2 | 4 |
_aCuerpo humano _910956 |
| 650 | 2 | 4 |
_aSexualidad infantil _910957 |
| 700 | 1 |
_aEmberley, Michael, _eilustrador _910958 |
|
| 942 |
_2ddc _cBK |
||
| 999 |
_c3344 _d3344 |
||